| 000 | 00687nam a2200193 i 4500 | ||
|---|---|---|---|
| 001 | 41195 | ||
| 003 | ES-MaACL | ||
| 005 | 20250927155615.0 | ||
| 007 | t| | ||
| 008 | 030310s1941 sp ||||1| spa d | ||
| 100 | 1 |
_aCaralps Maso, Antonio. _934939 |
|
| 245 | 1 | 0 |
_aIndicaciones operatorias y terapéutica quirúrgica de la tuberculosis del pulmón y de la pleura / _cA. Caralps ; prólogo de Jacinto Reventós. |
| 250 | _a1ª ed. | ||
| 260 |
_aBarcelona, etc. : _bSalvat, _c1941 ( _fImp. Hispano-Americana) |
||
| 300 |
_aXVI, 360 p., 58 lám. : _bil. ; _c25 cm. |
||
| 700 | 0 |
_aReventós, Jacinto, _d1883-1968 _996406 |
|
| 852 |
_aES-MaACL _jE-1424 _bR.31016 |
||
| 999 |
_c41195 _d41195 |
||